Divisiones administrativas de Costa Rica y del valle Central: años 1825, 1848,..., 1973 y 1975
Gardado en:
| Autor Corporativo: | |
|---|---|
| Formato: | Texto |
| Publicado: |
Heredia:
UNA. Departamento de Publicaciones
|
| Etiquetas: |
Engadir etiqueta
Sen Etiquetas, Sexa o primeiro en etiquetar este rexistro!
|
MARC
| LEADER | 00000 a a2200000 04500 | ||
|---|---|---|---|
| 001 | 14994 | ||
| 003 | |||
| 040 | |a CRAI/IIS |c CRAI/IIS | ||
| 090 | |a EXTRAVIADO | ||
| 110 | |a UNA. Instituto en Estudios Sociales en Población | ||
| 245 | |a Divisiones administrativas de Costa Rica y del valle Central: años 1825, 1848,..., 1973 y 1975 | ||
| 260 | |a Heredia: |b UNA. Departamento de Publicaciones | ||
| 300 | |a 106 p. | ||
| 999 | |c 17680 |d 17680 | ||
